000 01099nam a22003377a 4500
001 000602
003 DO-SdBPM
005 20251106130435.0
007 ta
008 161026b2000 sp a ||||| |||| 00| 0 spa d
020 _a8420457485
040 _aDO-SdBPM
_bspa
_cBPMSU
_erda
082 4 _a813.4
_bA355m 2000
_222
100 1 _aAlcott, Louise May,
_eautor
245 1 0 _aMujercitas /
_cLouise May Alcott ; ilustración: Ángel Luis González.
250 _a2a ed.
264 _aMadrid :
_bAlfaguara,
_c2000.
300 _a92 páginas :
_bilustraciones ;
_c21 cm.
336 _atexto
_btxt
_2rdacontent
337 _asin mediación
_bn
_2rdamedia
338 _avolumen
_bnc
_2rdacarrier
490 0 _aHistorias de siempre,
_v21
500 _aUna historia fácil de leer + un cómic guay.
590 _aInventariado, 2025/VM
650 7 _aNovela juvenil estadounidense |
650 7 _aTiras cómicas, historietas, etc
650 7 _aNovela gráfica
700 1 _aGonzález, Ángel Luis,
_eilustraciones
910 _aVMateo V. Control de calidad. BPMSU
942 _2ddc
_cBK
999 _c11689
_d11689